| 000 | 00746cam a2200253 4500 | ||
|---|---|---|---|
| 001 | ABS67092 | ||
| 008 | 031001n2003 000 0 eng u | ||
| 035 | _a(Sirsi) u123792 | ||
| 245 | _aLicensed and leisure property | ||
| 260 | _c2003 | ||
| 490 |
_aEstates Gazette _vLicensed and Leisure Property Supplement September 2003 (33) (LOAN) |
||
| 520 | _aA joint "Estates Gazette" and "Caterer and Hotelkeeper" supplement on the licensed and leisure property market. | ||
| 590 | _aABS | ||
| 650 | _aLICENSED PROPERTY | ||
| 650 | _aLEISURE PROPERTY | ||
| 650 | _aRESTAURANTS | ||
| 650 | _aFAST FOOD | ||
| 650 | _aPUBS | ||
| 650 | _aTHEATRES | ||
| 650 | _aHOTELS | ||
| 650 | _aDEALS | ||
| 690 | _aLEISURE AND RECREATION | ||
| 942 | _n0 | ||
| 999 |
_c73514 _d73514 |
||